Political economy of Japanese and Asian development

The modern economic growth of Japan since the time of the Meiji Restoration in 1868 presented a new challenge to the Western world. Over the past 150 years she has demonstrated that successful performance in economic and political development of a non-Western nation is possible. Moreover, Japan has...

Полное описание

Сохранить в:
Библиографические подробности
Главный автор: Ichimura, Shinichi
Формат:
Язык:Undetermined
Опубликовано: Singapore ISEAS 1998
Предметы:
Метки: Добавить метку
Нет меток, Требуется 1-ая метка записи!
Thư viện lưu trữ: Trung tâm Học liệu Trường Đại học Cần Thơ
LEADER 01020nam a2200205Ia 4500
001 CTU_227741
008 210402s9999 xx 000 0 und d
082 |a 338.952 
082 |b I.16 
100 |a Ichimura, Shinichi 
245 0 |a Political economy of Japanese and Asian development 
245 0 |c Shinichi Ichimura 
260 |a Singapore 
260 |b ISEAS 
260 |c 1998 
520 |a The modern economic growth of Japan since the time of the Meiji Restoration in 1868 presented a new challenge to the Western world. Over the past 150 years she has demonstrated that successful performance in economic and political development of a non-Western nation is possible. Moreover, Japan has risen from the poverty-stricken feudal conditions in the Edo period to the prosperous modern or post-industrial society in only several generations. 
650 |a Nhật Bản,Japan 
650 |x Chính sách kinh tế,Economic policy 
910 |b dqhieu 
980 |a Trung tâm Học liệu Trường Đại học Cần Thơ